000 00887cam a22002411 4500
001 gs 20000401
003 DLC
005 20260227111324.0
008 790616s1920 waua s000 0 eng
010 _ags 20000401
035 _a(OCoLC)5073421
040 _aDLC
_cTxCM
_dDLC
042 _apremarc
050 0 0 _aQE175
_b.A3 no. 20
100 1 _aWeaver, Charles Edwin,
_d1880-
245 1 4 _aThe mineral resources of Stevens County,
_cby Charles E. Weaver.
260 _aOlympia,
_bFrank M. Lamborn, Public Printer,
_c1920.
300 _a350 p.
_billus.
490 1 _aWashington (State) Geological Survey. Bulletin
_vno. 20
500 _aAt head of title: Washington Geological Survey. Henry Landes, State Geologist.
650 0 _aMines and mineral resources
_zWashington (State)
_zStevens County.
810 1 _aWashington (State).
_bDivision of Mines and Geology.
_tBulletin ;
_vno. 20.
999 _c26036
_d26036